| 000 | 00646nam a22002297a 4500 | ||
|---|---|---|---|
| 001 | 1702 | ||
| 003 | CO-MdFUSB | ||
| 005 | 20190202100309.0 | ||
| 008 | 170510n[ ] xxu||||| |||| 00| 0 eng d | ||
| 040 |
_aCO-MdFUSB _bspa _cCO-MdFUSB _dCO-MdFUSBC _erda |
||
| 041 | 0 | _aeng | |
| 082 | 0 | 4 | _aG 220.52 K629j |
| 245 | 1 | 4 |
_aThe Holy Bible _b : King James Version _c/ American Bible Society |
| 264 | 1 |
_aNew York, USA : _b American Bible Society, _c[ ] |
|
| 300 | _a[pag. varĂa] | ||
| 336 |
_2rdacontent _a1 _ba1 |
||
| 337 |
_2rdamedia _a2 _b5 |
||
| 338 |
_2rdacarrier _a2 _b5 |
||
| 650 | 0 |
_aBiblia _916 |
|
| 653 | _aVersiones de la Biblia | ||
| 942 | _cBK | ||
| 999 |
_c32930 _d32930 |
||